| 000 | 03286cam a2200589Ia 4500 | ||
|---|---|---|---|
| 999 |
_c200446383 _d64595 |
||
| 003 | TR-AnTOB | ||
| 005 | 20231009111938.0 | ||
| 006 | m o d | ||
| 007 | cr cnu---aauau | ||
| 008 | 080208t20082007njua o 001 0 eng d | ||
| 020 |
_a9780470226766 _q(electronic bk.) |
||
| 020 |
_a0470226765 _q(electronic bk.) |
||
| 020 | _a9780470226773 | ||
| 020 | _a0470226773 | ||
| 020 | _a1281221783 | ||
| 020 | _a9781281221780 | ||
| 020 |
_z9780470107966 _q(cloth) |
||
| 020 |
_z0470107960 _q(cloth) |
||
| 024 | 7 |
_a10.1002/9780470226773 _2doi |
|
| 035 |
_a(OCoLC)191880653 _z(OCoLC)184983182 _z(OCoLC)294883748 _z(OCoLC)476130855 _z(OCoLC)646743091 _z(OCoLC)696034392 _z(OCoLC)806201401 _z(OCoLC)815554520 |
||
| 037 |
_a10.1002/9780470226773 _bWiley InterScience _nhttp://www3.interscience.wiley.com |
||
| 040 |
_aN$T _beng _erda _cN$T _dYDXCP _dOCLCQ _dOSU _dIDEBK _dOCLCQ _dDG1 _dBTCTA _dE7B _dCEF _dC7D _dOCLCQ _dREDDC _dOCLCQ _dMERUC _dOCLCQ _dOCLCF _dOCLCQ _dEBLCP _dNRU _dDEBSZ _dUKDOC _dCOO _dOCLCQ _dDG1 _dTR-AnTOB |
||
| 041 | 0 | _aeng | |
| 050 | 0 | 4 |
_aQA300 _b.S37 2007EBK |
| 072 | 7 |
_aMAT _x005000 _2bisacsh |
|
| 072 | 7 |
_aMAT _x034000 _2bisacsh |
|
| 072 | 7 |
_aPBK _2bicssc |
|
| 090 |
_aQA300 _b.S37 2007EBK |
||
| 100 |
_aSchroder, Bernd S. W., _q(Bernd Siegfried Walter), _d1966- _eauthor _979783 |
||
| 245 | 1 | 0 |
_aMathematical analysis : _ba concise introduction / _cBernd S.W. Schröder. |
| 264 | 1 |
_aHoboken, N.J. : _bWiley-Interscience, _c2007 |
|
| 264 | 4 | _c©2008 | |
| 300 |
_a1 online resource (xv, 562 pages) : _billustrations. |
||
| 336 |
_atext _btxt _2rdacontent |
||
| 337 |
_acomputer _bc _2rdamedia |
||
| 338 |
_aonline resource _bcr _2rdacarrier |
||
| 504 | _aBIBINDX | ||
| 505 | 0 | _aMathematical Analysis: A Concise Introduction; Contents; Preface; Part I: Analysis of Functions of a Single Real Variable; 1 The Real Numbers; 2 Sequences of Real Numbers; 3 Continuous Functions; 4 Differentiable Functions; 5 The Riemann Integral I; 6 Series of Real Numbers I; 7 Some Set Theory; 8 The Riemann Integral II; 9 The Lebesgue Integral; 10 Series of Real Numbers II; 11 Sequences of Functions; 12 Transcendental Functions; 13 Numerical Methods; Part II: Analysis in Abstract Spaces; 14 Integration on Measure Spaces; 15 The Abstract Venues for Analysis; 16 The Topology of Metric Spaces. | |
| 520 | _aBridging the gap between calculus and further abstract topics this book presents a well organized and much needed introduction to the foundations of analysis. It is composed of three sections: the analysis of functions of one real variable, including an i. | ||
| 588 | 0 | _aPrint version record. | |
| 650 | 0 |
_aMathematical analysis _91768 |
|
| 650 | 4 | _aMathematical analysis. | |
| 650 | 7 |
_aMATHEMATICS _xCalculus. _2bisacsh |
|
| 650 | 7 |
_aMATHEMATICS _xMathematical Analysis. _2bisacsh |
|
| 650 | 7 |
_aMathematical analysis. _2fast _0(OCoLC)fst01012068 |
|
| 655 | 7 |
_aElectronic books. _2local |
|
| 776 | 0 | 8 |
_iPrint version: _aSchröder, Bernd S.W. (Bernd Siegfried Walter), 1966- _tMathematical analysis. _dHoboken, N.J. : Wiley-Interscience, ©2008 _z9780470107966 _w(DLC) 2007024690 _w(OCoLC)144770075 |
| 856 | 4 | 0 |
_3Wiley Online Library _zOnline access link to the resource _uhttps://doi.org/10.1002/9780470226773 |
| 942 |
_2lcc _cEBK |
||